[Event "HEM 2015 B Turnier"]
[Site "Frankfurt-Sossenheim"]
[Date "2015.??.??"]
[Round "5.1"]
[White "Juhnke, Peter"]
[Black "Hafensteiner, Tim"]
[Result "1/2-1/2"]
[WhiteElo "1900"]
[BlackElo "1689"]
[PlyCount "26"]
[EventDate "2015.??.??"]
[WhiteTeam "SC Eschborn"]
[BlackTeam "Biebertaler SF"]

1. d4 Nf6 2. Qd3 e6 3. Bg5 d5 4. Nd2 Be7 5. e3 O-O 6. h4 h6 7. Bxf6 Bxf6 8. h5
b6 9. c3 c5 10. Ngf3 Nc6 11. Be2 a5 12. Qc2 Bb7 13. g4 cxd4 1/2-1/2

[Event "HEM 2015 B Turnier"]
[Site "Frankfurt-Sossenheim"]
[Date "2015.??.??"]
[Round "5.2"]
[White "Zalewski, Ulrich"]
[Black "Weber, Simon"]
[Result "1/2-1/2"]
[WhiteElo "1838"]
[BlackElo "1407"]
[PlyCount "33"]
[EventDate "2015.??.??"]
[WhiteTeam "SK Gießen"]
[BlackTeam "SC Langenbieber"]

1. e4 d5 2. exd5 Qxd5 3. Nc3 Qa5 4. d4 Nf6 5. Bd3 Bg4 6. Nge2 Bxe2 7. Qxe2 e6
8. O-O Be7 9. Ne4 Nxe4 10. Bxe4 c6 11. Bf4 Nd7 12. Qd2 Qxd2 13. Bxd2 Nf6 14.
Bf3 Rd8 15. c3 O-O 16. Rad1 Rd7 17. Rfe1 1/2-1/2

[Event "HEM 2015 B Turnier"]
[Site "Frankfurt-Sossenheim"]
[Date "2015.??.??"]
[Round "5.3"]
[White "Grzeschniok, Anton"]
[Black "Werle, Joshua"]
[Result "0-1"]
[WhiteElo "1895"]
[BlackElo "1776"]
[PlyCount "72"]
[EventDate "2015.??.??"]
[WhiteTeam "SC Eschborn"]
[BlackTeam "Frankfurter TV"]

1. e4 Nf6 2. d3 d5 3. Qe2 e5 4. Bg5 d4 5. f4 h6 6. Bxf6 Qxf6 7. fxe5 Qxe5 8.
Nd2 Nc6 9. a3 Be6 10. Ngf3 Qb5 11. b3 Be7 12. Qf2 Qc5 13. Ra2 O-O 14. Be2 Rfd8
15. O-O a5 16. Rc1 a4 17. b4 Qb6 18. Rb2 Na7 19. Nc4 Bxc4 20. dxc4 c5 21. b5
Qe6 22. Bd3 Nc8 23. Qe2 Re8 24. Rbb1 Bf6 25. Rf1 Nd6 26. Rbe1 Bd8 27. Rf2 Ba5
28. Nd2 f6 29. Qf1 Nf7 30. Ree2 Ne5 31. Re1 Ng4 32. Rfe2 Ne3 33. Qf3 Bc3 34.
Rxe3 dxe3 35. Rxe3 Bxd2 36. Re2 Bc1 0-1

[Event "HEM 2015 B Turnier"]
[Site "Frankfurt-Sossenheim"]
[Date "2015.??.??"]
[Round "5.4"]
[White "Henninger, Sascha"]
[Black "Launert, Martin"]
[Result "1-0"]
[WhiteElo "1777"]
[BlackElo "1871"]
[PlyCount "63"]
[EventDate "2015.??.??"]
[WhiteTeam "SC Sulzbach"]
[BlackTeam "Sfr. Erbach"]

1. e4 e5 2. Nf3 Nc6 3. Bb5 a6 4. Ba4 Nf6 5. O-O Be7 6. Re1 b5 7. Bb3 O-O 8. d4
d6 9. c3 Bg4 10. d5 Na5 11. Bc2 c5 12. Nbd2 c4 13. Nf1 Nb7 14. Ng3 Nc5 15. h3
Bd7 16. Qe2 h6 17. Be3 Qc7 18. Qd2 Nh7 19. Rad1 Rfe8 20. Nxe5 dxe5 21. d6 Qc6
22. dxe7 Be6 23. Bxh6 Bxh3 24. Bxg7 Bg4 25. Bxe5 Bxd1 26. Nf5 Ng5 27. Nd6 Nce6
28. Bf6 Bxc2 29. Bxg5 Qd7 30. Bf6 Kh7 31. Qd5 Nf4 32. Qxf7+ 1-0

[Event "HEM 2015 B Turnier"]
[Site "Frankfurt-Sossenheim"]
[Date "2015.??.??"]
[Round "5.5"]
[White "Lukas, Anne"]
[Black "Weber, Andreas"]
[Result "1-0"]
[WhiteElo "1772"]
[BlackElo "1869"]
[PlyCount "47"]
[EventDate "2015.??.??"]
[WhiteTeam "SK Gernsheim"]
[BlackTeam "SC Flörsheim"]

1. d4 d5 2. c4 e6 3. Nf3 c5 4. cxd5 exd5 5. g3 Nc6 6. Bg2 Nf6 7. Nc3 Be7 8.
dxc5 d4 9. Na4 Bxc5 10. O-O Be7 11. a3 O-O 12. b4 Bf5 13. Qb3 Nd7 14. Rd1 Rc8
15. Bb2 b5 16. Nc5 Nxc5 17. bxc5 Na5 18. Qa2 Be6 19. Qb1 Nb3 20. Nxd4 Qa5 21.
Nxe6 fxe6 22. Bxg7 Nxa1 23. Bxf8 Rxf8 24. Rd7 1-0

[Event "HEM 2015 B Turnier"]
[Site "Frankfurt-Sossenheim"]
[Date "2015.??.??"]
[Round "5.6"]
[White "Goebel, Knut"]
[Black "Warnk, Torsten"]
[Result "0-1"]
[WhiteElo "1728"]
[BlackElo "1845"]
[PlyCount "88"]
[EventDate "2015.??.??"]
[WhiteTeam "SC Ober-Ramstadt"]
[BlackTeam "Sges Bensheim"]

1. d4 d5 2. c4 e6 3. Nc3 Nf6 4. cxd5 Nxd5 5. e4 Nxc3 6. bxc3 b6 7. Bd3 Bb7 8.
Nf3 Nd7 9. O-O c5 10. Re1 cxd4 11. cxd4 Be7 12. Bb2 O-O 13. Rc1 Rc8 14. Qa4 a5
15. Ba3 Bxa3 16. Qxa3 Nf6 17. Qb2 Rxc1 18. Qxc1 Qb8 19. Qb2 Qa7 20. Qb5 Rc8 21.
e5 Nd5 22. Qd7 g6 23. Ng5 Rc7 24. Qd8+ Kg7 25. Ne4 Qa8 26. Qg5 Qe8 27. h4 Qe7
28. Qg3 Nb4 29. Bb1 Nc2 30. Bxc2 Rxc2 31. Nf6 Qb4 32. Rd1 Rxa2 33. h5 Qa4 34.
hxg6 Qxd1+ 35. Kh2 fxg6 36. Qh3 h5 37. Qxe6 Rxf2 38. Qg8+ Kh6 39. Qf8+ Kg5 40.
Nh7+ Kg4 41. Qxf2 Qd3 42. g3 Qf3 43. Qxf3+ Kxf3 44. e6 Ke4 0-1

[Event "HEM 2015 B Turnier"]
[Site "Frankfurt-Sossenheim"]
[Date "2015.??.??"]
[Round "5.7"]
[White "Alonzo, Desi"]
[Black "Schellen, Sven"]
[Result "0-1"]
[WhiteElo "1699"]
[BlackElo "1797"]
[PlyCount "88"]
[EventDate "2015.??.??"]
[WhiteTeam "SK Herborn"]
[BlackTeam "SF Frankfurt"]

1. Nf3 Nf6 2. c4 c5 3. Nc3 Nc6 4. g3 d5 5. cxd5 Nxd5 6. Bg2 Nc7 7. O-O e5 8. d3
Be7 9. b3 O-O 10. Bb2 f6 11. h3 Be6 12. Nd2 Qd7 13. Kh2 Rfd8 14. Nc4 Qe8 15.
Qd2 Qf7 16. Rad1 Nd5 17. Qc1 Qh5 18. Nxd5 Bxd5 19. Bxd5+ Rxd5 20. f3 Rd7 21.
Nd2 f5 22. Qc4+ Kh8 23. g4 fxg4 24. Qxg4 Qxg4 25. hxg4 Rad8 26. Ne4 Nd4 27.
Bxd4 exd4 28. Kg2 Bd6 29. Nxd6 Rxd6 30. f4 Re8 31. Rf2 Rde6 32. Rdf1 Rxe2 33.
f5 Kg8 34. Rxe2 Rxe2+ 35. Rf2 Rxf2+ 36. Kxf2 Kf7 37. Kf3 Kf6 38. Ke4 Kg5 39.
Kf3 h5 40. gxh5 Kxf5 41. h6 gxh6 42. a3 h5 43. Kg3 Kg5 44. Kh3 Kf4 0-1

[Event "HEM 2015 B Turnier"]
[Site "Frankfurt-Sossenheim"]
[Date "2015.??.??"]
[Round "5.8"]
[White "Zimmer, Sascha"]
[Black "Deppe, Leo"]
[Result "1-0"]
[WhiteElo "1937"]
[BlackElo "1694"]
[PlyCount "51"]
[EventDate "2015.??.??"]
[WhiteTeam "SC Mackenbach"]
[BlackTeam "SC Bad Soden"]

1. c4 Nf6 2. Nc3 g6 3. d4 Bg7 4. e4 d6 5. f3 O-O 6. Bg5 e5 7. d5 Nbd7 8. h4 h6
9. Be3 Nh5 10. Nge2 f5 11. exf5 Rxf5 12. Qd2 Nf4 13. g4 Rf7 14. O-O-O Qf8 15.
Ng3 a5 16. Qc2 Nc5 17. Nge4 b6 18. Bxf4 Rxf4 19. Nxc5 dxc5 20. Qxg6 Rxf3 21.
Bd3 Qf7 22. Qh7+ Kf8 23. g5 Rb8 24. Rhf1 Rf2 25. Rxf2 Qxf2 26. Rf1 1-0

[Event "HEM 2015 B Turnier"]
[Site "Frankfurt-Sossenheim"]
[Date "2015.??.??"]
[Round "5.9"]
[White "Engel, Jan"]
[Black "Genis, Roy"]
[Result "1/2-1/2"]
[WhiteElo "1715"]
[BlackElo "1952"]
[PlyCount "45"]
[EventDate "2015.??.??"]
[WhiteTeam "Frankfurter TV"]
[BlackTeam "vereinslos, Rodgau"]

1. e4 e5 2. Nf3 Nc6 3. Bb5 f5 4. Nc3 fxe4 5. Nxe4 Nf6 6. Nxf6+ Qxf6 7. Qe2 Be7
8. Bxc6 dxc6 9. Nxe5 O-O 10. d4 Bd6 11. O-O c5 12. Be3 Bxe5 13. dxe5 Qxe5 14.
Qc4+ Be6 15. Qxc5 Qxc5 16. Bxc5 Rf5 17. Be3 Rd8 18. Rad1 Rxd1 19. Rxd1 Rd5 20.
Rxd5 Bxd5 21. f3 Bf7 22. Kf2 Bg6 23. c3 1/2-1/2

[Event "HEM 2015 B Turnier"]
[Site "Frankfurt-Sossenheim"]
[Date "2015.??.??"]
[Round "5.10"]
[White "Rafiee, Kayvan"]
[Black "Pleyer, Christian"]
[Result "1/2-1/2"]
[WhiteElo "1861"]
[BlackElo "1683"]
[PlyCount "37"]
[EventDate "2015.??.??"]
[WhiteTeam "Kasseler SK"]
[BlackTeam "SC Langenbieber"]

1. e4 e5 2. Nf3 Nc6 3. Bb5 d6 4. d4 exd4 5. Nxd4 Bd7 6. Nc3 Nxd4 7. Bxd7+ Qxd7
8. Qxd4 Nf6 9. O-O Be7 10. b3 O-O 11. Bb2 c6 12. Rad1 Rfd8 13. Na4 b6 14. c4
Ne8 15. e5 Qc7 16. Qf4 Rd7 17. Rd3 Rad8 18. Rg3 dxe5 19. Bxe5 1/2-1/2

[Event "HEM 2015 B Turnier"]
[Site "Frankfurt-Sossenheim"]
[Date "2015.??.??"]
[Round "5.11"]
[White "Slobodetski, Oleg"]
[Black "Wachsmann, Dietmar"]
[Result "0-1"]
[WhiteElo "1830"]
[BlackElo "1743"]
[PlyCount "76"]
[EventDate "2015.??.??"]
[WhiteTeam "SV Großauheim"]
[BlackTeam "SC Groß-Umstadt"]

1. e4 c5 2. Nf3 e6 3. d4 cxd4 4. Nxd4 Nf6 5. Nc3 d6 6. Be2 Be7 7. O-O O-O 8. f4
Nc6 9. Be3 e5 10. Nb3 a6 11. f5 b5 12. Bf3 Bb7 13. Nd5 Nxd5 14. Qxd5 Na5 15.
Qd3 Nc4 16. Bc1 Rc8 17. Re1 Qc7 18. Re2 Rfd8 19. Nd2 Nb6 20. Nf1 d5 21. Qb3
dxe4 22. Bh5 Bc5+ 23. Be3 Bd5 24. Qc3 Na4 25. Qe1 Nxb2 26. Bxc5 Qxc5+ 27. Kh1
Nc4 28. Qg3 f6 29. Qh4 Rd7 30. Bg6 hxg6 31. fxg6 Rcd8 32. Ng3 Nd6 33. Qh7+ Kf8
34. Rf1 Ne8 35. Ref2 Bg8 36. Nxe4 Qc6 37. Ng5 Rd1 38. Nf7 R8d2 0-1

[Event "HEM 2015 B Turnier"]
[Site "Frankfurt-Sossenheim"]
[Date "2015.??.??"]
[Round "5.12"]
[White "Diehl, Stefan"]
[Black "Saluvar, Buelent"]
[Result "0-1"]
[WhiteElo "1815"]
[BlackElo "1718"]
[PlyCount "99"]
[EventDate "2015.??.??"]
[WhiteTeam "SC Höchst"]
[BlackTeam "SC Münster"]

1. f4 d5 2. Nf3 Nc6 3. b3 Nf6 4. Bb2 e6 5. e3 a6 6. Be2 Bd6 7. O-O Bd7 8. Ne5
Qe7 9. c4 Bc5 10. d4 Ba7 11. Ba3 Qd8 12. Bb2 Ne7 13. c5 Bb5 14. Nc3 Bxe2 15.
Qxe2 h5 16. b4 Ne4 17. a4 Nf5 18. Rf3 Rh6 19. Rh3 h4 20. Ng4 Rh7 21. Nf2 Nxc3
22. Bxc3 c6 23. b5 Bb8 24. bxc6 bxc6 25. g4 Ne7 26. Nd3 f5 27. g5 Ng6 28. Ne1
Bxf4 29. Nf3 Bxg5 30. Nxg5 Qxg5+ 31. Kh1 Qg4 32. Rf3 Qe4 33. Qg2 Rh6 34. Rh3
Qxg2+ 35. Kxg2 Rb8 36. Rf3 Rb3 37. Bd2 Rb2 38. Rf2 h3+ 39. Kf1 Rh4 40. Be1 Rb3
41. Rf3 Rh5 42. Ra2 Nf8 43. Ke2 g5 44. Bg3 g4 45. Rf1 Rh7 46. Rc1 Rhb7 47. Rcc2
Nd7 48. Kd2 Nf6 49. Ke2 Ne4 50. Be5 0-1

[Event "HEM 2015 B Turnier"]
[Site "Frankfurt-Sossenheim"]
[Date "2015.??.??"]
[Round "5.13"]
[White "Englert, Fred"]
[Black "Boerkey, Joel"]
[Result "1-0"]
[WhiteElo "1795"]
[BlackElo "1333"]
[PlyCount "127"]
[EventDate "2015.??.??"]
[WhiteTeam "SK Klingenberg"]
[BlackTeam "Wiesbadener SV"]

1. c4 e5 2. g3 Nf6 3. Bg2 Nc6 4. Nc3 Bc5 5. Nf3 O-O 6. O-O d5 7. cxd5 Nxd5 8.
b3 Nxc3 9. dxc3 Qxd1 10. Rxd1 f6 11. Bb2 Be6 12. Rd2 Rad8 13. Rad1 Rxd2 14.
Rxd2 Rd8 15. e3 Kf7 16. Kf1 Bd5 17. Ke2 Be4 18. Nxe5+ Nxe5 19. Bxe4 Rxd2+ 20.
Kxd2 c6 21. h3 g6 22. f4 f5 23. Bg2 Nd7 24. Kd3 Ke6 25. e4 fxe4+ 26. Bxe4 Bf2
27. g4 Nc5+ 28. Ke2 Nxe4 29. Kf3 Nxc3 30. Bxc3 Bc5 31. Ke4 Be7 32. Be5 a6 33.
Bc3 Bf6 34. Bxf6 Kxf6 35. Kd4 b6 36. a4 a5 37. Kc4 h5 38. b4 axb4 39. Kxb4 g5
40. f5 hxg4 41. hxg4 c5+ 42. Kc4 Ke5 43. a5 bxa5 44. Kxc5 a4 45. Kb4 Kf4 46. f6
Kxg4 47. f7 Kg3 48. f8=Q g4 49. Qf1 Kh2 50. Qf2+ Kh1 51. Qg3 a3 52. Qxg4 a2 53.
Qd1+ Kg2 54. Qa1 Kf2 55. Qxa2+ Ke3 56. Qd5 Kf4 57. Qe6 Kf3 58. Kc3 Kf4 59. Kd3
Kf3 60. Qf5+ Kg3 61. Ke2 Kg2 62. Qg4+ Kh1 63. Kf2 Kh2 64. Qg2# 1-0

[Event "HEM 2015 B Turnier"]
[Site "Frankfurt-Sossenheim"]
[Date "2015.??.??"]
[Round "5.14"]
[White "Vedder, Matthias"]
[Black "Kuersten, Susanne"]
[Result "1-0"]
[WhiteElo "1691"]
[BlackElo "1786"]
[PlyCount "77"]
[EventDate "2015.??.??"]
[WhiteTeam "SK Marburg"]
[BlackTeam "SV Lok Engelsdorf"]

1. c4 e6 2. Nc3 d5 3. d4 Nf6 4. cxd5 exd5 5. Bg5 Be7 6. e3 O-O 7. Bd3 c6 8. Qc2
h6 9. Bh4 Be6 10. Nge2 Ng4 11. Bxe7 Qxe7 12. h3 Nf6 13. O-O Nbd7 14. b4 Nb6 15.
b5 Rfc8 16. bxc6 Rxc6 17. Qb3 Nc4 18. Rfd1 a6 19. Rab1 Rb6 20. Qa4 Rxb1 21.
Rxb1 Rc8 22. Qb4 Qxb4 23. Rxb4 Rc7 24. Na4 Nd6 25. f3 g6 26. Nc5 Bc8 27. Rb6
Nfe8 28. Nf4 Be6 29. Bxg6 Bxh3 30. Nxd5 Rc8 31. gxh3 fxg6 32. Ne7+ Kf7 33. Nxc8
Nxc8 34. Rxb7+ Kf6 35. Nxa6 Ned6 36. Rc7 Ke6 37. e4 Nb6 38. Nc5+ Kf6 39. e5+
1-0

[Event "HEM 2015 B Turnier"]
[Site "Frankfurt-Sossenheim"]
[Date "2015.??.??"]
[Round "5.15"]
[White "Poetsch, Leonore"]
[Black "Hirsch, Gabriel"]
[Result "1-0"]
[WhiteElo "1657"]
[BlackElo "1778"]
[PlyCount "73"]
[EventDate "2015.??.??"]
[WhiteTeam "SK Langen"]
[BlackTeam "BG Buchen"]

1. e4 e5 2. Nf3 Nc6 3. Bc4 Be7 4. O-O Nf6 5. d3 O-O 6. Nc3 d6 7. Be3 Bg4 8. h3
Bd7 9. d4 exd4 10. Nxd4 Ne5 11. Bb3 c5 12. Nf3 Bc6 13. Bd5 Qc7 14. Bxc6 Nxf3+
15. Qxf3 bxc6 16. Rad1 Rfd8 17. Bf4 Qb7 18. b3 d5 19. e5 Ne8 20. Qg4 Nc7 21.
Rd3 Ne6 22. Bh6 Qb4 23. f4 Kh8 24. a3 Qb7 25. f5 gxh6 26. fxe6 fxe6 27. Rf7 Rg8
28. Qxe6 Rg7 29. Rxg7 Kxg7 30. Rg3+ Bg5 31. Qf6+ Kg8 32. Qxh6 Kh8 33. Rxg5 Qf7
34. Qxc6 Rf8 35. Qf6+ Qxf6 36. exf6 Rxf6 37. Rxd5 1-0

[Event "HEM 2015 B Turnier"]
[Site "Frankfurt-Sossenheim"]
[Date "2015.??.??"]
[Round "5.16"]
[White "Bahlke, Florian"]
[Black "John, Volkmar"]
[Result "1/2-1/2"]
[WhiteElo "1271"]
[BlackElo "1770"]
[PlyCount "44"]
[EventDate "2015.??.??"]
[WhiteTeam "SF Dettingen"]
[BlackTeam "SK Herborn"]

1. c4 Nf6 2. g3 e6 3. Bg2 d5 4. cxd5 exd5 5. d4 c6 6. Nf3 Bd6 7. O-O O-O 8. Bg5
Nbd7 9. Nc3 h6 10. Bxf6 Nxf6 11. a3 Bf5 12. Nd2 Qe7 13. Re1 Ne4 14. Ncxe4 dxe4
15. e3 Rfe8 16. Nc4 Bc7 17. Qe2 Rad8 18. b4 Qe6 19. Qc2 h5 20. Nd2 h4 21. Nb3
hxg3 22. fxg3 Bd6 1/2-1/2

[Event "HEM 2015 B Turnier"]
[Site "Frankfurt-Sossenheim"]
[Date "2015.??.??"]
[Round "5.17"]
[White "Krastev, Alexander"]
[Black "Koller, Wolfgang"]
[Result "1-0"]
[WhiteElo "1940"]
[BlackElo "1639"]
[PlyCount "50"]
[EventDate "2015.??.??"]
[WhiteTeam "Biebertaler SF"]
[BlackTeam "SC Sulzbach"]

1. e4 d5 2. exd5 Qxd5 3. Nc3 Qa5 4. d4 c6 5. Bd2 Qc7 6. Bd3 Nf6 7. Nf3 Bg4 8.
h3 Bxf3 9. Qxf3 e6 10. O-O-O Nbd7 11. Rhe1 O-O-O 12. g4 h6 13. Bf4 Qa5 14. Kb1
Bb4 15. Ne4 Nxe4 16. Rxe4 Nf6 17. Re2 Qb6 18. Ka1 Nd5 19. Bd2 Ba3 20. bxa3
Qxd4+ 21. Kb1 Nc3+ 22. Bxc3 Qxc3 23. Qxf7 Qxa3 24. Qxe6+ Kb8 25. Qb3 Qxb3+ 1-0

[Event "HEM 2015 B Turnier"]
[Site "Frankfurt-Sossenheim"]
[Date "2015.??.??"]
[Round "5.18"]
[White "Heinz, Tobias"]
[Black "Anhalt, Albert"]
[Result "1/2-1/2"]
[WhiteElo "1646"]
[BlackElo "1896"]
[PlyCount "35"]
[EventDate "2015.??.??"]
[WhiteTeam "SC Eschborn"]
[BlackTeam "SG Idstein"]

1. d4 Nf6 2. c4 d5 3. Nc3 c6 4. Nf3 g6 5. Bf4 Bg7 6. e3 O-O 7. cxd5 Nxd5 8.
Nxd5 cxd5 9. Be2 Nc6 10. O-O Qb6 11. Qd2 Bf5 12. Rac1 Rac8 13. Bd3 Bxd3 14.
Qxd3 Rfd8 15. Qd2 Qb4 16. Qc2 e6 17. a3 Qf8 18. Qd3 1/2-1/2

[Event "HEM 2015 B Turnier"]
[Site "Frankfurt-Sossenheim"]
[Date "2015.??.??"]
[Round "5.19"]
[White "Krist, Stephan"]
[Black "Loehr, Holger"]
[Result "0-1"]
[WhiteElo "1326"]
[BlackElo "1837"]
[PlyCount "80"]
[EventDate "2015.??.??"]
[WhiteTeam "SVG Lauterbach"]
[BlackTeam "SF Braunfels"]

1. e4 c5 2. Nf3 d6 3. d4 cxd4 4. Nxd4 Nf6 5. Nc3 a6 6. Be2 e6 7. Be3 Qc7 8. O-O
Be7 9. Qd2 O-O 10. Rad1 b5 11. a3 Bb7 12. Bf3 Nbd7 13. Qe2 Ne5 14. Nb3 Nxf3+
15. Qxf3 d5 16. exd5 Nxd5 17. Nxd5 Bxd5 18. Qe2 Rac8 19. Qg4 Qxc2 20. Bd4 Qg6
21. Qxg6 hxg6 22. Nc1 Rc2 23. Bc3 Bf6 24. Bxf6 gxf6 25. b4 Rc3 26. Rfe1 Rxa3
27. Nd3 g5 28. Nc5 Kg7 29. Ra1 Rxa1 30. Rxa1 Ra8 31. Rxa6 Rxa6 32. Nxa6 Bc4 33.
f3 Kg6 34. Kf2 Kf5 35. Ke3 Ke5 36. Nc5 Kd5 37. Ne4 Bf1 38. Nc3+ Kc4 39. Ne4
Bxg2 40. Nd6+ Kxb4 0-1

[Event "HEM 2015 B Turnier"]
[Site "Frankfurt-Sossenheim"]
[Date "2015.??.??"]
[Round "5.20"]
[White "Niedenthal, Robert"]
[Black "Mattusch, Ralf"]
[Result "0-1"]
[WhiteElo "1781"]
[BlackElo "1572"]
[PlyCount "140"]
[EventDate "2015.??.??"]
[WhiteTeam "SV Hofheim"]
[BlackTeam "SK Fürth"]

1. c4 e6 2. Nc3 Nf6 3. e3 d5 4. Nf3 Be7 5. Qa4+ c6 6. Be2 O-O 7. O-O Nbd7 8. d4
Nb6 9. Qb3 Nxc4 10. Bxc4 dxc4 11. Qxc4 Qc7 12. Ne5 Nd5 13. e4 Nxc3 14. bxc3 c5
15. f4 b6 16. Bb2 Bb7 17. Rae1 Rac8 18. f5 cxd4 19. Qxc7 Rxc7 20. cxd4 exf5 21.
Rxf5 Rc2 22. Rf2 Rxf2 23. Kxf2 f6 24. Nf3 Rc8 25. Ke3 Ba6 26. Rc1 Rxc1 27. Bxc1
Bc4 28. a3 Kf8 29. g4 b5 30. Nd2 Bf7 31. Kd3 Bd6 32. h3 Ke7 33. Bb2 h5 34. Ke3
hxg4 35. hxg4 g5 36. d5 Bf4+ 37. Kd3 Be8 38. Nb3 Bd7 39. Nd4 Be5 40. Bc3 a6 41.
Bb4+ Bd6 42. Nf5+ Bxf5 43. exf5 a5 44. Bxa5 Bxa3 45. Kc3 Kd6 46. Bd8 Ke5 47.
Kb3 Bc5 48. Kc3 Bd4+ 49. Kd3 Kxd5 50. Be7 Be5 51. Bb4 Bd6 52. Bc3 Be7 53. Bb2
b4 54. Ba1 Kc5 55. Bb2 Kb5 56. Ke4 Kc4 57. Bd4 b3 58. Bb2 Bb4 59. Bxf6 Bc3 60.
Bxc3 Kxc3 61. f6 b2 62. Kf5 b1=Q+ 63. Kxg5 Kd4 64. f7 Qb8 65. Kg6 Qh8 66. g5
Ke5 67. f8=Q Qxf8 68. Kh7 Qe7+ 69. Kh6 Kf5 70. g6 Qf6 0-1

[Event "HEM 2015 B Turnier"]
[Site "Frankfurt-Sossenheim"]
[Date "2015.??.??"]
[Round "5.21"]
[White "Sciurti, Domenico"]
[Black "Willenbring, Jens-Dirk"]
[Result "1/2-1/2"]
[WhiteElo "1583"]
[BlackElo "1753"]
[PlyCount "83"]
[EventDate "2015.??.??"]
[WhiteTeam "SV Großauheim"]
[BlackTeam "Bad Vilbeler Sfr"]

1. d4 d5 2. Bf4 Nf6 3. e3 e6 4. Nd2 Bd6 5. Bg3 Bxg3 6. hxg3 Nc6 7. f4 Ne7 8. g4
h6 9. Bd3 Qd6 10. g5 Nfg8 11. Ngf3 Nc6 12. c3 Bd7 13. Bb5 f6 14. Qc2 O-O-O 15.
O-O-O a6 16. Be2 Qf8 17. Nb3 Nge7 18. Nc5 Nb8 19. Qb3 b6 20. Nxa6 Nxa6 21.
Bxa6+ Kb8 22. a4 Ka7 23. Bb5 Nc6 24. Bxc6 Bxc6 25. Qc2 Kb7 26. b4 Ra8 27. b5
Bd7 28. Kd2 c6 29. c4 Qb4+ 30. Qc3 Rxa4 31. Qxb4 Rxb4 32. bxc6+ Bxc6 33. c5
bxc5 34. Rb1 Kb6 35. dxc5+ Kxc5 36. Rxb4 Kxb4 37. gxf6 gxf6 38. Rc1 Ba8 39. Ke2
Rg8 40. Kf2 h5 41. g3 Re8 42. Rh1 1/2-1/2

[Event "HEM 2015 B Turnier"]
[Site "Frankfurt-Sossenheim"]
[Date "2015.??.??"]
[Round "5.22"]
[White "Will, Steffen"]
[Black "Scheerer, Michael"]
[Result "1-0"]
[WhiteElo "1705"]
[BlackElo "1450"]
[PlyCount "73"]
[EventDate "2015.??.??"]
[WhiteTeam "SC Bad Nauheim"]
[BlackTeam "SF Frankfurt"]

1. e4 e6 2. d4 d5 3. Bd3 c5 4. exd5 exd5 5. Qe2+ Qe7 6. Bb5+ Bd7 7. Bxd7+ Nxd7
8. Be3 cxd4 9. Bxd4 Qxe2+ 10. Nxe2 Ngf6 11. Nbc3 Bb4 12. O-O-O Bxc3 13. Nxc3
O-O 14. Bxf6 Nxf6 15. Nxd5 Nxd5 16. Rxd5 Rfe8 17. Rhd1 h6 18. b3 Re7 19. Rd8+
Rxd8 20. Rxd8+ Kh7 21. Kd2 Kg6 22. c4 b6 23. a3 Kf5 24. Rd3 g5 25. f3 h5 26. g3
f6 27. h3 Kg6 28. g4 Re6 29. Rd5 a6 30. b4 h4 31. c5 bxc5 32. bxc5 Rc6 33. Kc3
Kf7 34. Kc4 Ke6 35. Rf5 Rc8 36. f4 gxf4 37. Rxf4 1-0

[Event "HEM 2015 B Turnier"]
[Site "Frankfurt-Sossenheim"]
[Date "2015.??.??"]
[Round "5.23"]
[White "Martens, Nick"]
[Black "Neagu, Liviu"]
[Result "0-1"]
[WhiteElo "1697"]
[BlackElo "1229"]
[PlyCount "92"]
[EventDate "2015.??.??"]
[WhiteTeam "SF Battenberg"]
[BlackTeam "SF Friedberg"]

1. d4 Nf6 2. c4 d5 3. Nc3 c6 4. Nf3 Bg4 5. h3 Bxf3 6. exf3 Nbd7 7. Bd3 e5 8.
dxe5 Nxe5 9. Qe2 Be7 10. cxd5 Nxd3+ 11. Qxd3 O-O 12. O-O Qd7 13. Rd1 Rad8 14.
Bg5 h6 15. Bxf6 Bxf6 16. Rd2 Bxc3 17. bxc3 Qxd5 18. Qxd5 Rxd5 19. Rxd5 cxd5 20.
Rd1 Rd8 21. Kf1 Kf8 22. Ke2 Ke7 23. Kd3 b5 24. Kd4 Kd6 25. Re1 f6 26. f4 Rc8
27. f5 Rc4+ 28. Kd3 b4 29. cxb4 Rxb4 30. g3 Rb2 31. Re2 Rxe2 32. Kxe2 Ke5 33.
g4 Kf4 34. a3 h5 35. f3 hxg4 36. hxg4 d4 37. a4 a5 38. Kd3 Kxf3 39. Kxd4 Kxg4
40. Ke4 Kg5 41. Kd4 Kxf5 42. Kc5 g5 43. Kb5 g4 44. Kxa5 g3 45. Kb6 g2 46. a5
g1=Q+ 0-1

[Event "HEM 2015 B Turnier"]
[Site "Frankfurt-Sossenheim"]
[Date "2015.??.??"]
[Round "5.24"]
[White "Boerkey, Luis"]
[Black "Lopez, Victor"]
[Result "0-1"]
[WhiteElo "1531"]
[BlackElo "1669"]
[PlyCount "148"]
[EventDate "2015.??.??"]
[WhiteTeam "Wiesbadener SV"]
[BlackTeam "SC Höchst"]

1. d4 d5 2. c4 Bf5 3. e3 Bxb1 4. Rxb1 e6 5. Nf3 Nf6 6. Bd2 c6 7. cxd5 exd5 8.
Bd3 Nbd7 9. O-O Bd6 10. Qb3 Qb6 11. Rfc1 Qxb3 12. axb3 O-O 13. Ra1 Rfe8 14. Ra2
Ne4 15. Bc3 Ndf6 16. Rca1 a6 17. Nd2 h6 18. Rc1 Rac8 19. Rc2 Re6 20. Ra1 Bc7
21. Re1 Rce8 22. Rcc1 Nd6 23. Nf3 Nfe4 24. Nd2 f5 25. Re2 Bd8 26. Bb4 Nxd2 27.
Rxd2 Ne4 28. Re2 g6 29. Bc3 Kh7 30. g3 h5 31. Bxe4 Rxe4 32. Rce1 h4 33. f4 Kh6
34. Kf2 Kg7 35. Bd2 Rh8 36. Rg1 hxg3+ 37. hxg3 Kf7 38. Kf3 Ree8 39. Reg2 Bc7
40. g4 Reg8 41. g5 Rh5 42. Bb4 Rgh8 43. Bc5 Ke6 44. Rg3 Rh2 45. R1g2 Bd6 46.
Bb6 Bb4 47. Rxh2 Rxh2 48. Rg2 Rxg2 49. Kxg2 Bd2 50. Kf2 Bc1 51. Ke2 Bxb2 52.
Kd2 Ba3 53. Kc3 Bd6 54. b4 Kd7 55. Bc5 Kc7 56. Kb3 b6 57. Bxd6+ Kxd6 58. Ka4 c5
59. b5 axb5+ 60. Kxb5 c4 61. Kb4 Kc6 62. Kc3 Kb5 63. Kb2 Kb4 64. Kc2 c3 65. Kc1
Kb3 66. e4 dxe4 67. d5 e3 68. Kd1 Kb2 69. d6 c2+ 70. Ke2 c1=Q 71. d7 Qc7 72.
Ke1 Qxd7 73. Ke2 Qd2+ 74. Kf3 Qf2# 0-1

[Event "HEM 2015 B Turnier"]
[Site "Frankfurt-Sossenheim"]
[Date "2015.??.??"]
[Round "5.25"]
[White "Froehlich-Dill, Astrid"]
[Black "Kirst, Christian"]
[Result "0-1"]
[WhiteElo "1925"]
[BlackElo "1499"]
[PlyCount "108"]
[EventDate "2015.??.??"]
[WhiteTeam "SV Hofheim"]
[BlackTeam "SV Fechenheim"]

1. d4 Nf6 2. c4 g6 3. Nc3 Bg7 4. e4 d6 5. f3 O-O 6. Be3 e5 7. d5 Ne8 8. Bd3 f5
9. exf5 gxf5 10. Qc2 Na6 11. a3 Nc5 12. Bxc5 dxc5 13. O-O-O Nd6 14. Kb1 a6 15.
Na4 b5 16. Nxc5 bxc4 17. Bxc4 Nxc4 18. Qxc4 Qd6 19. Ne2 Re8 20. Ng3 Rb8 21. Ne6
Qxa3 22. Qa2 Qxa2+ 23. Kxa2 Bh8 24. Nxf5 Rxe6 25. dxe6 Bxe6+ 26. Ka3 Bxf5 27.
Rc1 e4 28. b3 Be5 29. fxe4 Bxe4 30. Rhe1 Bd6+ 31. Ka2 Bd5 32. Rb1 a5 33. Red1
Bf7 34. Rd4 Bxh2 35. Ra4 Rb5 36. Rg4+ Bg6 37. Re1 Bd6 38. Kb2 Rf5 39. Re2 Rf1
40. Kc3 Kf8 41. Rg5 Rc1+ 42. Kb2 Rc5 43. Rg4 Rf5 44. Rc4 Rf1 45. Rh4 Kf7 46. g4
Rf4 47. Reh2 Be7 48. Rxh7+ Bxh7 49. Rxh7+ Kf8 50. Rh5 Bb4 51. g5 Rf2+ 52. Kc1
Kg7 53. Rh4 Kg6 54. Rc4 c5 0-1

[Event "HEM 2015 B Turnier"]
[Site "Frankfurt-Sossenheim"]
[Date "2015.??.??"]
[Round "5.26"]
[White "Kuenitz, Klaus"]
[Black "Schwarz, Matthias"]
[Result "0-1"]
[WhiteElo "1714"]
[BlackElo "1352"]
[PlyCount "60"]
[EventDate "2015.??.??"]
[WhiteTeam "TSV Schott Mainz"]
[BlackTeam "SG Idstein"]

1. d4 Nf6 2. Nf3 e6 3. Bf4 Be7 4. h3 O-O 5. e3 b6 6. Bd3 Bb7 7. Nbd2 d5 8. O-O
c5 9. c3 c4 10. Bc2 Nc6 11. Re1 h6 12. Qe2 Bd6 13. Bxd6 Qxd6 14. Rad1 Rfe8 15.
Nf1 Ba6 16. Ng3 b5 17. a3 Bb7 18. e4 Qc7 19. e5 Nd7 20. Bb1 a5 21. Qc2 Nf8 22.
Nh4 Qe7 23. Nhf5 exf5 24. Nxf5 Qg5 25. f4 Qg6 26. Qf2 Qe6 27. Qg3 Ng6 28. Nd6
Qd7 29. f5 Nf8 30. Nxe8 Rxe8 0-1